000 00347nam a2200157 a 4500
008 190521s1999|||| d
100 1 _aFrankl V.E.
245 1 0 _aTeorie a terapie neuróz
260 _aPraha
_bGrada
_c1999
020 _a8071697796
_c0
250 _a1.vydanie
958 _aA
300 _a171s.
041 _acze
044 _aCZ
999 _c20700
_d20700